000 00521nmm a2200169Ia 4500
008 251105s9999||||xx |||||||||||||||||und||
020 _a847908751X
041 _aspa
100 _aRíos Carratalá, Juan Antonio
245 0 _aDramaturgos en el cine español (1939-1975)
264 _a[Madrid, España] :
_bPublicaciones de la Universidad de Alicante,
_c2003
300 _a248 páginas
490 _aMG Monografías
650 _aFilm studies
856 _uhttps://public.digitaliapublishing.com/a/623
942 _cCF
999 _c73607
_d73607